| 000 | 01658nam a22003737a 4500 | ||
|---|---|---|---|
| 001 | 00260 | ||
| 003 | DO-SdBPM | ||
| 005 | 20260211121632.0 | ||
| 007 | ta | ||
| 008 | 151112b1998 sp |||| 00| 0 spa d | ||
| 020 | _a8420747823 | ||
| 040 |
_aDO-SdBPM _bspa _cBPMSU _erda _drda |
||
| 082 | 4 |
_a709.011 _bL935a 1998 _222 |
|
| 100 | 1 |
_aLucena Salmoral, Manuel, _d1933- _4aut. _eautor |
|
| 245 | 1 | 0 |
_aLa América precolombina / _cManuel Lucena Salmoral ; comentarios de las ilustraciones Manuel González Moreno. _b |
| 264 |
_aMadrid : _bEditorial Anaya, _c1998 |
||
| 300 |
_a 96 páginas _bilustraciones ; _c19 cm. |
||
| 336 |
_atexto _btxt _2rdacontent |
||
| 337 |
_asin mediación _bn _2rdamedia |
||
| 338 |
_avolumen _bnc _2rdacarrier |
||
| 490 | 0 |
_aBiblioteca básica de historia ; _aMonografía |
|
| 500 | _aIncluye índice alfabético | ||
| 504 | _aBibliografía : página 96 | ||
| 505 | 0 | _a De las bandas primitivas al resplendor de los imperios -- Los primeros invasores -- Los períodos arcaico y formativo -- El período Clásicos mesoamericano y peruano -- Los misteriosos mayas del período clásico -- El período posclásico -- Los aguerridos aztecas -- Los efímeros incas -- Datos para una historia . | |
| 590 | _aInventariado, 2026/VM | ||
| 650 | 7 | _aArte precolombino latinoamericano | |
| 650 | 7 |
_aCulturas indígenas _zAmérica Latina. |
|
| 650 | 7 |
_aArte primitivo $z América Latina. _zAmérica Latina. |
|
| 651 | 7 |
_aAmérica Latina _xHistoria |
|
| 700 | 1 |
_a González Moreno.Manuel _ecoordinador |
|
| 700 | 1 |
_aPosse Andrada, Enrique _ecoordinador |
|
| 910 | _aVMateo V. Control de calidad. BPMSU | ||
| 942 |
_2ddc _cBK |
||
| 999 |
_c15680 _d15680 |
||